000 00265nam a22001217a 4500
008 170328b xxu||||| |||| 00| 0 eng d
041 _aeng
080 _a796.38
100 _a8
101 _aSHM
245 _aLANGUAGE FOR DAILY USE
_cSTRCKLAND.D.S
942 _2udc
_cBK
999 _c8862
_d8862